Responses for Show #1407 - Tuesday, October 16, 1990

Game entered from audiorecording. Missing prizes.

Contestants

[<< previous game]

Chris Cannole, an engineer from San Diego, California

Joe Laboda, a teacher from Hudson Falls, New York

Dan Poneman, a lawyer from Alexandria, Virginia (whose 1-day cash winnings total $10,500)

[next game >>]

Jeopardy! Round responses

RELIGION
HISTORICAL TRIVIA
COMPUTERS
MUSEUMS
5-LETTER RIVERS
COMPLETES THE MOVIE TITLE
    $100 2
the angel Gabriel

Joe
    $100 9
an assembly line

Chris
    $100 14
crash

Joe
    $100 1
Detroit

Chris
    $100 5
the Yukon

Joe
    $100 21
...In Beverly Hills

Joe
    $200 8
Judaism

Chris
    $200 10
a turtle

Chris
    $200 27
BASIC

Joe
    $200 3
Saskatchewan

Chris
    $200 17
the James River

Chris
    $200 22
...Afternoon

Joe
    $300 13
Deuteronomy

Chris
    $300 11
(Dan: Who is Alexander Hamilton?)
[ERRATUM: The duel occurred 26 years after 1778, not 16.]

Aaron Burr

DanJoe
    $300 28
computer chips

Joe
    $300 4
(Alex: Yes, chicken legs.)

Colonel Sanders

Chris
    $300 18
the Snake

Joe
    $300 23
...Coronets

Dan
    $400 15
karma

Chris
    $300 12
Calvin Coolidge

Joe
    $400 29
memory

Joe
    $400 6
the Rijksmuseum

Joe
    $400 19
the Tagus

Chris
    $400 24
...All-American

Joe
    $500 16
an encyclical

Joe
    $500 26
swimming the English Channel

Dan
    $500 30
UNIVAC

Joe
    $500 7
(Chris: What is the House of Horrors?)
(Dan: What is the Rogues' Gallery?)

the Chamber of Horrors

DanChris
Triple Stumper
    $500 20
the Congo (or the Zaire)

Dan
    $500 25
(Alex: And we have a minute left.)

...Mr. Allison

Joe

Scores at the first commercial break (after clue 12):

Dan Joe Chris
-$800 $1,200 $600

Scores at the end of the Jeopardy! Round:

Dan Joe Chris
$500 $4,700 $1,900

Double Jeopardy! Round responses

U.S. CITIES
MYTHOLOGICAL WORDS & PHRASES
COMPOSERS
THE HUMAN BODY
WOMEN AUTHORS
(Alex: And finally, a tribute to...)
WILLIAM JENNINGS BRYAN
    $200 4
Vancouver

Chris
    $200 10
Pegasus

Joe
    $200 1
George Gershwin

Dan
    $200 18
the brain

Chris
    $200 3
Pearl Buck

Chris
    $200 23
(John T.) Scopes

Chris
    $400 5
Newark

Dan
    $400 11
(Joe: Who is Mars, or [*]?)

martial

Joe
    $400 2
Giuseppe Verdi

Joe
    $400 19
the sole (the heel)

Dan
    $400 7
Mary Poppins

Dan
    $400 24
a cross of gold

Joe
    $600 14
Bethlehem

Joe
    $600 12
(Chris: What is Narcissus?)

Adonis

JoeChris
    $600 6
(Dan: Who is Beethoven?)

Brahms

DanJoe
    $600 20
a follicle

Joe
    $600 26
Danielle Steel

Joe
    $600 25
3

Joe
    $800 16
(Chris: What is Laramie?)
(Dan: What is Cheyenne?)

Casper

DanChris
Triple Stumper
    $800 13
Herculean

Chris
    $800 8
Camille Saint-Saƫns

Triple Stumper
    $800 21
the pulmonary artery

Dan
    $700 27
(Joe: Nope, no idea.)

Alice Adams

Joe
    $800 29
the Platte

Chris
    $1000 17
Hartford (Connecticut)

Chris
    $1000 15
Dionysian

Chris
    $1000 9
Robert Schumann

Dan
    $2,300 22
the liver

Dan
    $1000 28
Mary Higgins Clark

Joe
    $1000 30
Secretary of State

Dan

Scores at the end of the Double Jeopardy! Round:

Dan Joe Chris
$5,600 $10,000 $4,900

[wagering suggestions for these scores]

Final Jeopardy! Round responses

MOVIE ACTRESSES
(Alex: Who played Nora Charles starting with The Thin Man and the sequels to that film.)
ChrisWho was Ida Lupino?
$4,500
DanWho was Myrna Loy?
$4,201
JoeWho is Myrna Loy?
$1,200
Myrna Loy

Final scores:

Dan Joe Chris
$9,801 $11,200 $400
2nd place New champion: $11,200 3rd place

Game dynamics:

Coryat scores:

Dan Joe Chris
$4,300 $10,800 $4,900
11 R
(including 1 DD),
4 W
27 R
(including 1 DD),
1 W
(including 1 DD)
18 R,
3 W

Combined Coryat: $20,000

[game clues] [game scores] [suggest correction]

Game tape date: 1990-08-27
The J! Archive is created by fans, for fans. Scraping, republication, monetization, and malicious use prohibited; this site may use cookies and collect identifying information. See terms. The Jeopardy! game show and all elements thereof, including but not limited to copyright and trademark thereto, are the property of Jeopardy Productions, Inc. and are protected under law. This website is not affiliated with, sponsored by, or operated by Jeopardy Productions, Inc. Join the discussion at JBoard.tv.